00238nam a2200109Ia 4500100001700000654002400017245002400041260003400065082000900099300000800108546001200116 aKeiser/Gerd  aLocal area networks aLocal Area Networks bMc Graw HillaSingaporec1989 a4.68 a420 aENGLISH